<?xml version="1.0" encoding="UTF-8"?>
<collection xmlns="http://www.loc.gov/MARC21/slim">
<record>
  <controlfield tag="001">161668</controlfield>
  <controlfield tag="005">20251017144612.0</controlfield>
  <datafield tag="024" ind1="7" ind2=" ">
    <subfield code="2">doi</subfield>
    <subfield code="a">10.20318/cian.2016.3436</subfield>
  </datafield>
  <datafield tag="024" ind1="8" ind2=" ">
    <subfield code="2">sideral</subfield>
    <subfield code="a">144295</subfield>
  </datafield>
  <datafield tag="037" ind1=" " ind2=" ">
    <subfield code="a">ART-2016-144295</subfield>
  </datafield>
  <datafield tag="041" ind1=" " ind2=" ">
    <subfield code="a">spa</subfield>
  </datafield>
  <datafield tag="100" ind1=" " ind2=" ">
    <subfield code="a">Calvo Romero, Sergio</subfield>
    <subfield code="0">(orcid)0000-0002-2790-7265</subfield>
  </datafield>
  <datafield tag="245" ind1=" " ind2=" ">
    <subfield code="a">La represión en la Universidad de Zaragoza: el papel del Tribunal de Orden Público</subfield>
  </datafield>
  <datafield tag="260" ind1=" " ind2=" ">
    <subfield code="c">2016</subfield>
  </datafield>
  <datafield tag="506" ind1="0" ind2=" ">
    <subfield code="a">Access copy available to the general public</subfield>
    <subfield code="f">Unrestricted</subfield>
  </datafield>
  <datafield tag="520" ind1="3" ind2=" ">
    <subfield code="a">La década de los sesenta dio comienzo a un nuevo tipo de protesta universitaria en la que los protagonistas, los objetivos y las acciones contestatarias constituyeron novedad que el régimen no supo reconoce y cuya solución la represión física y judicial. La Universidad de Zaragoza se convirtió en un foco continuo de desafío al régimen. La herramienta jurídica que se utilizó fue la Jurisdicción de Orden Publico y el Tribunal de Orden Publico. El análisis de sus sentencias constituye una fuente primaria de extraordinaria importancia que nos revela que los estudiantes de Zaragoza fueron un elemento activo y crucial de la lucha antifranquista en la capital. El campus fue protagonista de manifestaciones, asambleas y demás muestras de descontento, destacando el Partido Comunista de España en su afán de liderar y promover la movilización estudiantil.</subfield>
  </datafield>
  <datafield tag="540" ind1=" " ind2=" ">
    <subfield code="9">info:eu-repo/semantics/openAccess</subfield>
    <subfield code="a">by-nc-nd</subfield>
    <subfield code="u">https://creativecommons.org/licenses/by-nc-nd/4.0/deed.es</subfield>
  </datafield>
  <datafield tag="655" ind1=" " ind2="4">
    <subfield code="a">info:eu-repo/semantics/article</subfield>
    <subfield code="v">info:eu-repo/semantics/publishedVersion</subfield>
  </datafield>
  <datafield tag="773" ind1=" " ind2=" ">
    <subfield code="g">19, 2 (2016), 175-196</subfield>
    <subfield code="p">Cuad. Inst. Antonio Nebrija Estud. Univ.</subfield>
    <subfield code="t">CIAN-REVISTA DE HISTORIA DE LAS UNIVERSIDADES</subfield>
    <subfield code="x">1139-6628</subfield>
  </datafield>
  <datafield tag="856" ind1="4" ind2=" ">
    <subfield code="s">1012832</subfield>
    <subfield code="u">http://zaguan.unizar.es/record/161668/files/texto_completo.pdf</subfield>
    <subfield code="y">Versión publicada</subfield>
  </datafield>
  <datafield tag="856" ind1="4" ind2=" ">
    <subfield code="s">1381307</subfield>
    <subfield code="u">http://zaguan.unizar.es/record/161668/files/texto_completo.jpg?subformat=icon</subfield>
    <subfield code="x">icon</subfield>
    <subfield code="y">Versión publicada</subfield>
  </datafield>
  <datafield tag="909" ind1="C" ind2="O">
    <subfield code="o">oai:zaguan.unizar.es:161668</subfield>
    <subfield code="p">articulos</subfield>
    <subfield code="p">driver</subfield>
  </datafield>
  <datafield tag="951" ind1=" " ind2=" ">
    <subfield code="a">2025-10-17-14:17:56</subfield>
  </datafield>
  <datafield tag="980" ind1=" " ind2=" ">
    <subfield code="a">ARTICLE</subfield>
  </datafield>
</record>
</collection>